000 00219nam a2200097Ia 4500
008 240625s9999 xx 000 0 und d
041 _aeng
100 _aMANORAMA
245 _aMANORAMA KNOWLEDGE ADVENTURE
260 _c2008
999 _c33924
_d33924